Building study (Record no. 78666)

MARC details
000 -LEADER
fixed length control field 00797cab a22002055a 4500
001 - CONTROL NUMBER
control field L137588
008 - FIXED-LENGTH DATA ELEMENTS--GENERAL INFORMATION
fixed length control field 070417e20070405xxk 000 0 eng d
035 ## - SYSTEM CONTROL NUMBER
System control number (Sirsi) u137588
041 0# - LANGUAGE CODE
Language code of text/sound track or separate title eng
100 1# - MAIN ENTRY--PERSONAL NAME
Personal name Weston, Richard
245 00 - TITLE STATEMENT
Title Building study
Remainder of title a synthesis of humanism and minimalism - a kind of 'huminalism'
260 ## - PUBLICATION, DISTRIBUTION, ETC.
Date of publication, distribution, etc. 2007
490 #0 - SERIES STATEMENT
Series statement Architects' Journal
Volume/sequential designation 225(13) 5 April 2007, 24-37(14)
520 ## - SUMMARY, ETC.
Summary, etc. Reports on the design, architecture and costing of the World Health Organisation's Copenhagen offices. The total cost was 2.79m euros (£2m), land not included. Also contains layout plans, working details and project credits.
590 ## - LOCAL NOTE (RLIN)
Local note KA
651 #4 - SUBJECT ADDED ENTRY--GEOGRAPHIC NAME
Geographic name Danmark = Denmark
Chronological subdivision
651 #4 - SUBJECT ADDED ENTRY--GEOGRAPHIC NAME
Geographic name United Kingdom
Chronological subdivision
690 ## - LOCAL SUBJECT ADDED ENTRY--TOPICAL TERM (OCLC, RLIN)
Topical term or geographic name as entry element BUILT ENVIRONMENT-BUILDING COSTS
942 ## - ADDED ENTRY ELEMENTS (KOHA)
Suppress in OPAC 0
Holdings
Withdrawn status Lost status Source of classification or shelving scheme Damaged status Not for loan Home library Current library Shelving location Date acquired Total Checkouts Full call number Barcode Date last seen Copy number Price effective from Koha item type
    Dewey Decimal Classification     London London Journal article 17/04/2007   L137588 137588-1001 06/08/2019 1 06/08/2019 Journal article